| 000 | 00422nam a22001697a 4500 | ||
|---|---|---|---|
| 003 | OSt | ||
| 005 | 20211224135948.0 | ||
| 008 | 211224b |||||||| |||| 00| 0 eng d | ||
| 020 | _a0851241034 | ||
| 040 | _cHU | ||
| 082 | _a370.91724 BUC 1975 | ||
| 100 |
_a Buchanan, Keith, _d 1919-1997 _924949 |
||
| 245 | _aReflections on education in the third world | ||
| 260 | _c1975 | ||
| 300 | _a80P | ||
| 942 |
_2ddc _cBOOKS _n0 |
||
| 999 |
_c23998 _d23998 |
||